00433cam a2200157ua 4500001000400000008003900004040000900043082000800052245008500060250000900145260002900154300002300183653002200206653002100228700002600249634110411n ii |||gr||||Z||||||eng cMAIN a3521 aLocal government : bEngland, France, U.S.A.,U.S.S.R. & India / cby S.R. Nigam  a1st. aDelhi:bKitab Mahal,968. axii, 256p.:c20cm. aPolitical science aLocal government aNigam, S.R.,eAuthor.